00549nam a2200157 a 4500001001000000003000900010005001700019007000300036008004100039040002500080082002000105110004100125245010500166260010000271300002000371000049111DO-SdBNP20230125125126.0ta190719s2004 dr r 000 0 spa d aDO-SdBNPbspacBNPHU axxxxbR789n222 aRepública Dominicana. [Leyes, etc.10aNueva ley de migración No. 285-04 incluye comentarios y notas explicativas /cJuan Manuel Rosario. aSanto Domingo :bEdiciones Jurídicas Trajano PotentinibLibrería Jurídica Virtual,c2004. a88 p. ;c21 cm.